000 00429nam a2200169Ia 4500
008 240830s2008 xx 000 0 und d
041 _aeng
082 _a613/SWA
100 _aINDEAMOHAN JHA
245 _aSACHITRA YOGASAN DARSHIKA
250 _a2 ND
260 _aVARANASI
_bCHAUKHAMBA SANSKRUT SERIES
_c2008
300 _a237p
650 _aSWASTHAVRATTA
906 _aSACHITRA YOGASAN DARSHIKA
999 _c1202015
_d1202015